Taylor Swift: I Forgot That You Existed lyrics - Statistics

General Stats
  • This quiz has been taken 403 times
  • The average score is 238 of 295
Answer Stats
Answer % Correct
(cheeky giggle)
100%
I
100%
a
99%
for
99%
you
99%
me
98%
that
98%
and
97%
existed
97%
forgot
97%
it
97%
did
96%
but
94%
so
94%
in
93%
didn't
92%
was
91%
who
91%
it's
90%
just
90%
kill
90%
would
90%
thought
89%
the
87%
then
87%
nice
86%
some
85%
my
83%
on
83%
love
82%
hate
81%
indifference
81%
isn't
81%
all
80%
night
80%
one
79%
peaceful
78%
magical
76%
were
76%
yeah
76%
quiet
75%
wrong
75%
to
74%
your
73%
How
71%
how
71%
got
70%
something
69%
ya
68%
days
67%
down
67%
happened
67%
what
67%
'bout
66%
lessons
66%
many
66%
hard
65%
they
65%
as
64%
of
64%
thinking
64%
blur
63%
gone
63%
show
63%
are
62%
going
61%
message
61%
rep
61%
spend
61%
from
60%
taught
60%
clear
59%
forget
59%
if
59%
mind
59%
started
59%
popcorn
58%
sunshine
58%
couldn't
57%
sent
57%
showed
57%
soon
57%
even
56%
more
56%
out
56%
than
56%
Drake
55%
get
55%
came
54%
feelings
54%
would've
54%
away
53%
ground
53%
'til
53%
free
52%
nobody
52%
there
52%
been
51%
hit
51%
living
50%
town
50%
rent
49%
front
48%
lips
48%
row
48%
shade
48%
whole
48%
right
46%
tied
46%
around
45%
throwing
45%
tongue
45%
lived
43%
stuck
43%
name
42%
up
42%
school
41%
fought
40%
yard
40%
tripped
39%
laughed
37%
No matching quizzes found
Score Distribution
Percent of People with Each Score
Percentile by Number Answered
Your Score History
You have not taken this quiz